000 00382nmm a2200133Ia 4500
008 251105s9999||||xx |||||||||||||||||und||
041 _acat
100 _aNarro, Xavi
245 0 _aRodamón :
_b Una volta al món amb bici
264 _a[Madrid, España] :
_bEdiciones B,
_c2015
300 _a312 páginas
856 _uhttps://public.digitaliapublishing.com/a/53618
942 _cCF
999 _c105285
_d105285